Municipios y la descentralización en Centroamérica y República Dominicana. Descentralización y reformas políticas y normativas en los municipios. Parte 2 /
Analiza el contexto actual del sistema municipal hondureño, el cual ha experimentado una evolución muy particular a partir de la aprobación de la nueva ley de municipalidades en 1990 y vigente desde el 1 de enero de 1991. La experiencia de ese país es considerada como un ejemplo indiscutible de logr...
Guardado en:
| Autores Corporativos: | , |
|---|---|
| Formato: | Texto |
| Publicado: |
San José:
DEMUCA
|
| Materias: | |
| Etiquetas: |
Agregar Etiqueta
Sin Etiquetas, Sea el primero en etiquetar este registro!
|
MARC
| LEADER | 00000 a a2200000 04500 | ||
|---|---|---|---|
| 001 | 21884 | ||
| 003 | |||
| 040 | |||
| 090 | |a 146007 | ||
| 110 | |a Fundación para el Desarrollo Local y el Fortalecimiento Municipal e Institucional de Centroamérica y el Caribe | ||
| 245 | |a Municipios y la descentralización en Centroamérica y República Dominicana. Descentralización y reformas políticas y normativas en los municipios. Parte 2 / |c Fundación para el Desarrollo Local y el Fortalecimiento Municipal e Institucional de Centroamérica y el Caribe | ||
| 260 | |a San José: |b DEMUCA | ||
| 300 | |a 490 p. | ||
| 520 | |a Analiza el contexto actual del sistema municipal hondureño, el cual ha experimentado una evolución muy particular a partir de la aprobación de la nueva ley de municipalidades en 1990 y vigente desde el 1 de enero de 1991. La experiencia de ese país es considerada como un ejemplo indiscutible de logros en el ámbito centroamericano y en aspectos particulares para el resto de Latinoamérica. El cambio hacia un modelo más democrático y eficiente se debe a la conformación estructural de la nueva normativa y a un conjunto de iniciativas y actitudes planteadas y llevadas a cabo por los encargados del sistema (Alcaldes, Regidores y profesionales municipalistas), quienes desde diferentes instancias y enclaveshan accionado en esa dirección. REV/LCL | ||
| 650 | |a DESARROLLO LOCAL | ||
| 650 | |a GOBIERNO LOCAL | ||
| 650 | |a DESCENTRALIZACION | ||
| 650 | |a AUTONOMIA | ||
| 650 | |a ASPECTOS JURIDICOS | ||
| 650 | |a FUNCION PUBLICA | ||
| 650 | |a PARTICIPACION COMUNITARIA | ||
| 650 | |a FINANZAS LOCALES | ||
| 710 | |a Fundación DEMUCA | ||
| 999 | |c 14674 |d 14674 | ||
